000 01602nam0a2200361 i 4500
001 RU\NLR\BIBL_A\010021803
005 20241115074343.0
010 _a9785919407836
_9100
021 _aRU
_b2013-94046
_96522
035 _a(NILC)RuMoRGB-006703491
035 _a(NLR Aleph) 010021803
090 _a9905110
_c9905110
100 _a20140116d2013 k y0rusy50 ca
101 0 _arus
102 _aRU
105 _aa|||z|||000yy
200 1 _aСистема измерительных материалов для оценки метапредметных результатов обучения по физике (основное и среднее общее образование)
_eмонография
_fМ.Ю. Демидова
_gФедер. гос. бюджет. образоват. учреждение высш. проф. образования "Моск. пед. гос. ун-т"
210 _aМосква
_cПеро
_d2013
215 _a179 с.
_cил.
_d20
320 _aБиблиогр.: с. 121-130 (102 назв.)
606 _aКвалиметрия в образовании
_92301745
_3RU\NLR\AUTH\661378011
606 1 _aФизика
_xЗнания
_xОценка
_xСредняя школа
_92314049
_3RU\NLR\AUTH\661384765
675 _a373.5.016:53
686 1 _aЧ312.8
686 1 _aЧ421.51-28
700 1 _aДемидова
_bМ. Ю.
_gМарина Юрьевна
801 0 _aRU
_bRuMoRKP
_c20131121
_gRCR
801 2 _aRU
_bРГБ
_c20131205
_grcr
801 1 _aRU
_bRuMoRKP
_c20131121
_2rusmarc
942 _cBOOK
980 _aNBR